| 000 | 00442nam a2200157Ia 4500 | ||
|---|---|---|---|
| 005 | 20241223165201.0 | ||
| 008 | 231217s9999 xx 000 0 und d | ||
| 020 | _a9788177587456 | ||
| 082 | _a001.6424UNI VEN;2 R1 | ||
| 100 | _aVenkateshmurthy, M G. | ||
| 245 | 0 | _aIntroduction to unix and shell programming | |
| 260 |
_c2006 _bDorling Kindersley _aNew Delhi |
||
| 300 | _axvi, 375 | ||
| 650 | _aunix,shell,programming | ||
| 942 | _cAA | ||
| 999 |
_c187630 _d187630 |
||